QSMP eggs and their belongings - Statistics

General Stats
  • This quiz has been taken 131 times
    47 since last reset
  • The average score is 15 of 15
Answer Stats
Hint Answer % Correct
Jeans overalls Bobby
100%
Top hat Dapper
100%
Glasses Juanaflippa
100%
Stripped shirt Pepito
100%
Red beanie Tallulah
100%
Red bow Tilin
100%
Rainbow helicopter hat Trump
100%
Duck floatie Chayanne
98%
Backwards cap Leonarda
98%
Beret Pomme
98%
Moustache Ramon
98%
Sunglasses Sunny
98%
Brazilian football jersey Richarlyson
96%
Goop Gegg
93%
Pancakes Empanada
87%
No matching quizzes found
Score Distribution
Percent of People with Each Score
Percentile by Number Answered
Your Score History
You have not taken this quiz since the last reset